Espectros de cine en Japón : entre la literatura, la leyenda y las nuevas tecnologías /

שמור ב:
מידע ביבליוגרפי
מחבר ראשי: Malpartida Tirado, Rafael (autor)
מחברים אחרים: Palacios, Jesús (1964-) (prólogo) (prólogo)
פורמט: ספר
שפה:ספרדית
יצא לאור: Gijón, España : Satori, 2014, c2014
סדרה:(Satori Arte)
נושאים:
תגים: הוספת תג
אין תגיות, היה/י הראשונ/ה לתייג את הרשומה!

MARC

LEADER 00000nam^a2200000^a^4500
001 000365297
005 20250521000000.0
009 20260310115639.444
020 |a 978-84-942390-0-7 
037 |a Acervo ITESO - Biblioteca 
041 |a ESP 
082 |a 709. 52  |b SAT ART V. 1 
100 |a Malpartida Tirado, Rafael  |e (autor) 
245 1 0 |a Espectros de cine en Japón :  |b entre la literatura, la leyenda y las nuevas tecnologías /  |c R. Malpartida Tirado ; pról. de J. Palacios. 
264 4 |a Gijón, España :  |b Satori,  |c 2014, c2014 
300 |a 300 p. 
336 |a texto  |b txt  |2 rdacontenido 
337 |a sin mediación  |b n  |2 rdamedio 
338 |a volumen  |b nc  |2 rdasoporte 
440 1 |a (Satori Arte) 
585 |a Exposición DIA 2022-10 / Sendero de crisantemos: una mirada a la cultura japonesa 
649 |a XX 
650 |a Fantasmas en el Cine -  |z Japón -  |x Historia y Crítica -  |x Tema Principal 
650 |a Seres Fantásticos en el Cine -  |z Japón -  |x Historia y Crítica 
650 |a Películas de Suspenso y Terror -  |z Japón -  |x Historia y Crítica -  |x Tema Principal 
650 |a Cine Fantástico -  |z Japón -  |x Historia y Crítica -  |x Tema Principal 
650 |a Cine Japonés -  |x Historia y Crítica 
650 |a Cine Japonés -  |y Siglo XX 
650 |a Cine Japonés -  |y 2000-2009 
650 |a Cine Japonés -  |y Siglo XXI 
700 |a Palacios, Jesús  |d (1964-)  |e (prólogo) 
910 |a Fondo General 
920 |a Impresos - Libros 
930 |a Reserva Especial 
905 |a 103 
901 |a 0500258916  |b IT1  |c REE  |i C148707  |u 20250521 
902 |a https://opac.biblio.iteso.mx/vufind/Record/000365297